Television and radio : An introduction
The book describes the social aspects of broadcasting and introduces to television and radio studio practices and techniques.
Na minha lista:
| Autor principal: | |
|---|---|
| Formato: | Livro |
| Idioma: | Undetermined |
| Publicado em: |
New York
Appleton-Century-Crofts
1956
|
| Assuntos: | |
| Tags: |
Adicionar Tag
Sem tags, seja o primeiro a adicionar uma tag!
|
| Thư viện lưu trữ: | Trung tâm Học liệu Trường Đại học Cần Thơ |
|---|
| LEADER | 00744nam a2200205Ia 4500 | ||
|---|---|---|---|
| 001 | CTU_40845 | ||
| 008 | 210402s9999 xx 000 0 und d | ||
| 082 | |a 384.5 | ||
| 082 | |b C525 | ||
| 100 | |a Chester, Giraud | ||
| 245 | 0 | |a Television and radio : | |
| 245 | 3 | |b An introduction | |
| 245 | 0 | |c Giraud Chester, Garnet R Garrison | |
| 260 | |a New York | ||
| 260 | |b Appleton-Century-Crofts | ||
| 260 | |c 1956 | ||
| 520 | |a The book describes the social aspects of broadcasting and introduces to television and radio studio practices and techniques. | ||
| 650 | |a Radio broadcasting,Telecommunication,Television broadcasting,Wireless communication systems | ||
| 904 | |i Minh, Hải | ||
| 980 | |a Trung tâm Học liệu Trường Đại học Cần Thơ | ||